000 01055cab a22002535a 4500
001 L157113
008 120903e20120817xxk 000 0 eng d
035 _a(Sirsi) u157113
041 0 _aeng
100 1 _aDavies, James
245 0 0 _aDeja vu
260 _c2012
490 _aNew Law Journal
_v162(7527) 17 August 2012, 1071-1072(2)
520 _aOutlines the changes made to the Tenancy Deposit Scheme introduced by the Localism Act 2011 effective from 6 April 2012. The changes were introduced to clarify the law in the light of several cases considered by the Court of Appeal. Landlords now have 30 days instead of 14 and now face the risk of penalties for non-compliance which can be between one and three times the amount of the deposit.
590 _aKA
650 2 4 _aHOUSING ACT 2004
650 2 4 _aLOCALISM ACT 2011
650 2 4 _aVISION ENTERPRISES V TIENSIA
650 2 4 _aHASHEMI V GLADEHURST LTD
651 4 _aEngland and Wales
_y1543-
690 _aLandlord and tenant
_96252
690 _aResidential property
_96266
942 _n0
999 _c84261
_d84261